ბათუმის შოთა რუსთაველის სახელმწიფო უნივერსიტეტის ბიბლიოთეკა

ტყის კულტურები და სატყეო მელიორაცია. (ბიბ.ჩანაწერი № 35390)

000 -LEADER
fixed length control field 00887nam a2200217Ia 4500
001 - CONTROL NUMBER
control field 1243
003 - CONTROL NUMBER IDENTIFIER
control field GE_BSU
008 - FIXED-LENGTH DATA ELEMENTS--GENERAL INFORMATION
fixed length control field 181216s||||||||xx |||||||||||||| ||und||
040 ## - CATALOGING SOURCE
Transcribing agency GE_BSU
080 ## - UNIVERSAL DECIMAL CLASSIFICATION NUMBER
Universal Decimal Classification number 630(075.3)
100 ## - MAIN ENTRY--PERSONAL NAME
Personal name ბეროზაშვილი ა.
245 ## - TITLE STATEMENT
Title ტყის კულტურები და სატყეო მელიორაცია.
245 ## - TITLE STATEMENT
Remainder of title სახელმძღვანელო სასოფლო სამეურნეო საშუალო სპეციალური სასწავლებლებისათვის.
260 ## - PUBLICATION, DISTRIBUTION, ETC.
Place of publication, distribution, etc. თბილისი.
260 ## - PUBLICATION, DISTRIBUTION, ETC.
Name of publisher, distributor, etc. განათლება.
260 ## - PUBLICATION, DISTRIBUTION, ETC.
Date of publication, distribution, etc. 1981.
300 ## - PHYSICAL DESCRIPTION
Extent 322 გვ.21 სმ.
653 ## - INDEX TERM--UNCONTROLLED
Uncontrolled term ტყის კულტურები და სატყეო მელიორაცია.
942 ## - ADDED ENTRY ELEMENTS (KOHA)
Koha item type წიგნი
ეგზემპლარები
Withdrawn status Lost status Damaged status Not for loan Date acquired Barcode Date last seen Price effective from Koha item type
        2018-12-17 2904 2018-12-17 2018-12-17 წიგნი